Zákon SNR č.73/1992 Zb. o audítoroch a Slovenskej komore

Úplné znenie zákona o audítoroch a Slovenskej komore audítorov č.73/1992 Zb. Postavenie a činnosť audítorov a asistentov audítorov. Právomoci Slovenskej komory audítorov. Organizácia a disciplinárna zodpovednosť. Dôvodová správa.

Enregistré dans:
Détails bibliographiques
Format: Chapitre de livre
Langue:slovaque
Sujets:
Tags: Ajouter un tag
Pas de tags, Soyez le premier à ajouter un tag!

MARC

LEADER 00000naa a2200000 4500
001 r022022
005 20230912103739.1
041 0 |a slo 
044 |a SK 
245 1 0 |a Zákon SNR č.73/1992 Zb. o audítoroch a Slovenskej komore 
520 |a Úplné znenie zákona o audítoroch a Slovenskej komore audítorov č.73/1992 Zb. Postavenie a činnosť audítorov a asistentov audítorov. Právomoci Slovenskej komory audítorov. Organizácia a disciplinárna zodpovednosť. Dôvodová správa. 
610 2 0 |a zákony 
610 2 0 |a Slovensko 
610 2 0 |a audítori 
610 2 0 |a Slovenská komora audítorov Bratislava 
610 2 0 |a 1992 
610 2 0 |a audit 
610 2 0 |a audítorstvo